| 000 | 00973nam a22003137a 4500 | ||
|---|---|---|---|
| 003 | CHAP | ||
| 005 | 20220329141437.0 | ||
| 008 | 971013s1987 r 00010 d | ||
| 010 | _a68202 | ||
| 011 | _a69174 | ||
| 035 | _a78649 | ||
| 040 | _cCHAP | ||
| 082 |
_a635.21 _bH67 |
||
| 100 | 0 | 0 |
_aHorton, Douglas E. _956392 |
| 245 |
_aPotatoes _b: production, marketing, and programs for developing countries |
||
| 260 |
_aLondon : _bWestview, _c1987 |
||
| 300 |
_a243 p. _b: ilus., gráfs. |
||
| 500 | _a27-85 | ||
| 590 |
_aBATCH-UPD _b10 _c20130110 _lUCH01 _h1327 |
||
| 590 |
_aBATCH-UPD _b10 _c20130410 _lUCH01 _h0833 |
||
| 590 |
_aBATCH-UPD _b10 _c20130914 _lUCH01 _h1624 |
||
| 590 |
_aCONVERSION _b10 _c20130109 _lUCH01 _h1337 |
||
| 650 | 1 | 4 |
_aPapa _xMercadeo. _985261 |
| 650 | 1 | 4 |
_aPapa _xPaíses subdesarrollados. _985268 |
| 650 | 1 | 4 |
_aPapa _xRendimiento. _985284 |
| 901 | _aBK | ||
| 942 | _cLIBRO | ||
| 949 |
_a635.21 H67 _bBC _cLIBRO _d33724000261376 _eLIBRO _h72937 _i78649 _si |
||
| 999 |
_c68202 _d68202 |
||